<?xml version='1.0' encoding='UTF-8'?>
  <record xmlns="http://www.loc.gov/MARC21/slim">
    <leader>00000cam a22000007i 4500</leader>
    <controlfield tag="001">ocn320015600</controlfield>
    <controlfield tag="003">OCoLC</controlfield>
    <controlfield tag="005">20240727120542.7</controlfield>
    <controlfield tag="008">001208s1584    gw            001 0 lat d</controlfield>
    <datafield tag="040" ind1=" " ind2=" ">
      <subfield code="a">CLU</subfield>
      <subfield code="b">eng</subfield>
      <subfield code="e">rda</subfield>
      <subfield code="e">dcrmr</subfield>
      <subfield code="c">CLU</subfield>
      <subfield code="d">OCLCQ</subfield>
      <subfield code="d">OCLCF</subfield>
      <subfield code="d">OCLCO</subfield>
      <subfield code="d">OCL</subfield>
      <subfield code="d">OCLCO</subfield>
      <subfield code="d">QGJ</subfield>
      <subfield code="d">OCLCO</subfield>
      <subfield code="d">OCLCL</subfield>
      <subfield code="d">OCLCA</subfield>
    </datafield>
    <datafield tag="035" ind1=" " ind2=" ">
      <subfield code="a">(OCoLC)320015600</subfield>
    </datafield>
    <datafield tag="100" ind1="0" ind2=" ">
      <subfield code="a">Albert,</subfield>
      <subfield code="c">of Aachen,</subfield>
      <subfield code="d">active 11th-12th century,</subfield>
      <subfield code="e">attributed name.</subfield>
      <subfield code="4">att</subfield>
      <subfield code="1">https://id.oclc.org/worldcat/entity/E39PBJg4qvBjqGgFpcCGVYrH4q</subfield>
    </datafield>
    <datafield tag="240" ind1="1" ind2="0">
      <subfield code="a">Historia Ierosolimitana</subfield>
    </datafield>
    <datafield tag="245" ind1="1" ind2="0">
      <subfield code="a">Chronicon Hierosolymitanum, id est, De bello sacro historia, exposita libris XII &amp; nunc primùm in lucem edita /</subfield>
      <subfield code="c">opera &amp; studio Reineri Reineccii Steinhemij. Quae operis subiecti est Pars prima. Suntq[ue] omnia in studiosi lectoris gratiam, &amp; maioris perspicuitatis ergò, breuibus scholijs, &amp; alijs enarrationibus illustrata.</subfield>
    </datafield>
    <datafield tag="246" ind1="3" ind2=" ">
      <subfield code="a">Chronicon Hierosolymitanum</subfield>
    </datafield>
    <datafield tag="246" ind1="3" ind2="1">
      <subfield code="a">De bello sacro historia</subfield>
    </datafield>
    <datafield tag="264" ind1=" " ind2="1">
      <subfield code="a">Helmaestadii :</subfield>
      <subfield code="b">Typis Iacobi Lucij,</subfield>
      <subfield code="c">M.D.LXXXIIII. [1584]</subfield>
    </datafield>
    <datafield tag="300" ind1=" " ind2=" ">
      <subfield code="a">[20], 268, [60] leaves ;</subfield>
      <subfield code="c">21 cm (4to)</subfield>
    </datafield>
    <datafield tag="336" ind1=" " ind2=" ">
      <subfield code="a">text</subfield>
      <subfield code="b">txt</subfield>
      <subfield code="2">rdacontent</subfield>
    </datafield>
    <datafield tag="337" ind1=" " ind2=" ">
      <subfield code="a">unmediated</subfield>
      <subfield code="b">n</subfield>
      <subfield code="2">rdamedia</subfield>
    </datafield>
    <datafield tag="338" ind1=" " ind2=" ">
      <subfield code="a">volume</subfield>
      <subfield code="b">nc</subfield>
      <subfield code="2">rdacarrier</subfield>
    </datafield>
    <datafield tag="340" ind1=" " ind2=" ">
      <subfield code="m">4to</subfield>
      <subfield code="2">rdabf</subfield>
    </datafield>
    <datafield tag="500" ind1=" " ind2=" ">
      <subfield code="a">Attributed to Albertus Aquensis in Zedler, Universal Lexikon, 1732, 1:1011.</subfield>
    </datafield>
    <datafield tag="500" ind1=" " ind2=" ">
      <subfield code="a">"Chronologia, seu, Annotatio temporis &amp; series rerum in hoc Chronico hierosolymitano descriptarum. M. Henricvs Meibomivs": leaves [51-60], at end.</subfield>
    </datafield>
    <datafield tag="500" ind1=" " ind2=" ">
      <subfield code="a">Title vignette; initials.</subfield>
    </datafield>
    <datafield tag="500" ind1=" " ind2=" ">
      <subfield code="a">Includes index.</subfield>
    </datafield>
    <datafield tag="500" ind1=" " ind2=" ">
      <subfield code="a">Colophon reads: Helmstaedii Excudebat  Iacobus Lucius Anno M. D. LXXXIIII.</subfield>
    </datafield>
    <datafield tag="500" ind1=" " ind2=" ">
      <subfield code="a">Signatures: (a)-(e)⁴ A-Z⁴ Aa-Zz⁴ Aaa-Xxx⁴ a-p⁴.</subfield>
    </datafield>
    <datafield tag="510" ind1="4" ind2=" ">
      <subfield code="a">Adams, H.M. Catalogue of books printed on the continent of Europe, 1501-1600, in Cambridge libraries,</subfield>
      <subfield code="c">R 318</subfield>
    </datafield>
    <datafield tag="510" ind1="4" ind2=" ">
      <subfield code="a">Verzeichnis der im deutschen Sprachbereich erschienenen Drucke des 16. Jahrhunderts (VD 16),</subfield>
      <subfield code="c">R 856</subfield>
    </datafield>
    <datafield tag="650" ind1=" " ind2="0">
      <subfield code="a">Crusades</subfield>
      <subfield code="y">First, 1096-1099.</subfield>
    </datafield>
    <datafield tag="650" ind1=" " ind2="6">
      <subfield code="a">Croisades</subfield>
      <subfield code="y">1re croisade, 1096-1099.</subfield>
    </datafield>
    <datafield tag="650" ind1=" " ind2="7">
      <subfield code="a">Crusades</subfield>
      <subfield code="2">fast</subfield>
    </datafield>
    <datafield tag="647" ind1=" " ind2="7">
      <subfield code="a">Crusades (First)</subfield>
      <subfield code="d">(1096-1099)</subfield>
      <subfield code="2">fast</subfield>
      <subfield code="0">(OCoLC)fst00884405</subfield>
      <subfield code="1">https://id.oclc.org/worldcat/entity/E39Qhp4vB9fKJ3qXQFvJrQwpwK</subfield>
    </datafield>
    <datafield tag="648" ind1=" " ind2="7">
      <subfield code="a">1096-1099</subfield>
      <subfield code="2">fast</subfield>
    </datafield>
    <datafield tag="700" ind1="1" ind2=" ">
      <subfield code="a">Reineccius, Reiner,</subfield>
      <subfield code="d">1541-1595,</subfield>
      <subfield code="e">editor.</subfield>
      <subfield code="4">edt</subfield>
      <subfield code="1">https://id.oclc.org/worldcat/entity/E39PBJvCRb4MDKvQr44cyW6tKd</subfield>
    </datafield>
    <datafield tag="700" ind1="1" ind2=" ">
      <subfield code="a">Meibom, Heinrich,</subfield>
      <subfield code="d">1555-1625,</subfield>
      <subfield code="e">writer of supplementary textual content.</subfield>
      <subfield code="e">wst.</subfield>
      <subfield code="1">https://id.oclc.org/worldcat/entity/E39PBJpJdWFk7Ch7wYFdB9b68C</subfield>
    </datafield>
    <datafield tag="700" ind1="1" ind2=" ">
      <subfield code="a">Mynsinger von Frundeck, Joachim,</subfield>
      <subfield code="d">1514-1588.</subfield>
      <subfield code="1">https://id.oclc.org/worldcat/entity/E39PBJhmH8b83HM3GXF6QVFBT3</subfield>
    </datafield>
    <datafield tag="700" ind1="1" ind2=" ">
      <subfield code="a">Melissus, Paulus,</subfield>
      <subfield code="d">1539-1602,</subfield>
      <subfield code="e">contributor.</subfield>
      <subfield code="4">ctb</subfield>
      <subfield code="1">https://id.oclc.org/worldcat/entity/E39PBJccfjTM3BmBQhF3MQjt8C</subfield>
    </datafield>
    <datafield tag="700" ind1="1" ind2=" ">
      <subfield code="a">Posthius, Johannes,</subfield>
      <subfield code="d">1537-1597,</subfield>
      <subfield code="e">contributor.</subfield>
      <subfield code="4">ctb</subfield>
      <subfield code="1">https://id.oclc.org/worldcat/entity/E39PBJgtcphM6qYJjmCbvWyrv3</subfield>
    </datafield>
    <datafield tag="700" ind1="1" ind2=" ">
      <subfield code="a">Bucelius, Johannes,</subfield>
      <subfield code="e">contributor.</subfield>
      <subfield code="4">ctb</subfield>
    </datafield>
    <datafield tag="700" ind1="1" ind2=" ">
      <subfield code="a">Leonhart, Sebastian,</subfield>
      <subfield code="d">1544-1610,</subfield>
      <subfield code="e">contributor.</subfield>
      <subfield code="4">ctb</subfield>
    </datafield>
    <datafield tag="700" ind1="1" ind2=" ">
      <subfield code="a">Smidenstet, Hartwig,</subfield>
      <subfield code="d">1538-1595,</subfield>
      <subfield code="e">contributor.</subfield>
      <subfield code="4">ctb</subfield>
    </datafield>
    <datafield tag="700" ind1="1" ind2=" ">
      <subfield code="a">Lucius, Jacob,</subfield>
      <subfield code="d">approximately 1530-1597,</subfield>
      <subfield code="e">printer.</subfield>
      <subfield code="4">prt</subfield>
      <subfield code="1">https://id.oclc.org/worldcat/entity/E39PBJyWXvx4hKmWBRgWHcP4v3</subfield>
    </datafield>
    <datafield tag="752" ind1=" " ind2=" ">
      <subfield code="a">Germany</subfield>
      <subfield code="d">Helmstedt,</subfield>
      <subfield code="e">place of publication.</subfield>
      <subfield code="4">pup</subfield>
    </datafield>
  </record>